AN ATLAS OF ULTRASONOGRAPHY IN OBSTETRICS & GYNAECOLOGY / (Record no. 798321)

MARC details
000 -LEADER
fixed length control field 00479pam a2200169 a 4500
020 ## - INTERNATIONAL STANDARD BOOK NUMBER
International Standard Book Number 8123903642
Terms of availability 895.00
041 ## - LANGUAGE CODE
Language code of text/sound track or separate title eng
Language code of original NULL
082 ## - DEWEY DECIMAL CLASSIFICATION NUMBER
Classification number 618.047543
Item number KUR
100 ## - MAIN ENTRY--PERSONAL NAME
Personal name KURIAK, A .
245 ## - TITLE STATEMENT
Title AN ATLAS OF ULTRASONOGRAPHY IN OBSTETRICS & GYNAECOLOGY /
Statement of responsibility, etc. NULL.
Medium Textual Documents
260 ## - PUBLICATION, DISTRIBUTION, ETC.
Place of publication, distribution, etc. NULL :
Name of publisher, distributor, etc. CENTRAL BOOK SUPP. (CBS) ,
Date of publication, distribution, etc. 1992.
300 ## - PHYSICAL DESCRIPTION
Extent 236 :
Other physical details XVIII ;
Dimensions A4 .
365 ## - TRADE PRICE
Price type code 895.00
650 ## - SUBJECT ADDED ENTRY--TOPICAL TERM
Topical term or geographic name entry element OBST.GYNE
930 ## - EQUIVALENCE OR CROSS-REFERENCE-UNIFORM TITLE HEADING [LOCAL, CANADA]
Uniform title 3787
Holdings
Withdrawn status Lost status Damaged status Not for loan Home library Current library Date acquired Cost, normal purchase price Total Checkouts Full call number Barcode Date due Date last seen Date last checked out Copy number Price effective from Koha item type
        Medical College & Hospital, Sangli Medical College & Hospital, Sangli 28/11/2011 895.00 1 618.047543 KUR MCS-8300 01/10/2043 06/10/2023 06/10/2023 1 26/07/2023 Book